Труды Саратовской ученой архивной комиссии... (Запись № 3437996)

Подробности
000 -МАРКЕР
контрольное поле 03192nam1a2200421 i 4500
001 - ИДЕНТИФИКАТОР ЗАПИСИ
контрольное поле v19\rc\1532588
005 - ИДЕНТИФИКАТОР ВЕРСИИ
контрольное поле 20260406202931.0
035 ## - ДРУГИЕ СИСТЕМНЫЕ НОМЕРА
Идентификатор записи (NLR Aleph) 004652253
100 ## - ДАННЫЕ ОБЩЕЙ ОБРАБОТКИ
Данные общей обработки 20060620g18871930k y0rusy50 ca
101 0# - ЯЗЫК РЕСУРСА
Язык текста, звукозаписи и т.д. русский
102 ## - СТРАНА ПУБЛИКАЦИИ ИЛИ ПРОИЗВОДСТВА
Страна публикации российская федерация
105 ## - ПОЛЕ КОДИРОВАННЫХ ДАННЫХ: ТЕКСТОВЫЕ МАТЕРИАЛЫ, МОНОГРАФИЧЕСКИЕ
Кодированные данные о монографическом текстовом документе ||||z||||||||
200 1# - ЗАГЛАВИЕ И СВЕДЕНИЯ ОБ ОТВЕТСТВЕННОСТИ
Основное заглавие Труды Саратовской ученой архивной комиссии...
210 ## - ПУБЛИКАЦИЯ, РАСПРОСТРАНЕНИЕ И ДР.
Место издания, распространения и т.д. Саратов
Дата издания, распространения и т.д. 1887
215 ## - ФИЗИЧЕСКАЯ ХАРАКТЕРИСТИКА
Размеры 24
300 ## - ОБЩИЕ ПРИМЕЧАНИЯ
Текст примечания Первые 7 вып. трудов (за 1886-1887 гг.) публ. под загл.: Протокол ...общего собрания Саратовской ученой архивной комиссии...
300 ## - ОБЩИЕ ПРИМЕЧАНИЯ
Текст примечания Загл. вып. 34, ч. 2 (за 1924 г.): Труды Нижне-Волжского областного научного Об-ва Краеведения "ИстАрхЭт" быв. Сарат. О-ва истории, археологии и этнографии; Загл. вып. 34, ч. 3 (1925) - вып. 35, ч. 2, 5 (1928) - вып. 36, ч. 1 (1929) Труды Нижне-Волжского областного научного общества краеведения; Загл. вып. 37, [ч. 1-3] (1930) Труды Нижне-Волжского общества краеведения
300 ## - ОБЩИЕ ПРИМЕЧАНИЯ
Текст примечания Подзаг.: [Вып. 3] (1887) - [7] (1898): Саратовская ученая архивная комиссия; Вып. 35, Ч. 3-4 (1928): Нижне-Волжское областное научное общество краеведения
309 ## - ПРИМЕЧАНИЯ ОБ ОСНОВНОМ ИСТОЧНИКЕ ИНФОРМАЦИИ И ОБ ОСОБЕННОСТЯХ ПОЛИГРАФИЧЕСКОГО ОФОРМЛЕНИЯ ИЗДАНИЯ
Текст примечания За 1888-1894 гг. нумеровались тома (1-4) и вып. (всего 12 вып.). С 1896 г. (с вып. 20) - сплошная нумерация вып.
309 ## - ПРИМЕЧАНИЯ ОБ ОСНОВНОМ ИСТОЧНИКЕ ИНФОРМАЦИИ И ОБ ОСОБЕННОСТЯХ ПОЛИГРАФИЧЕСКОГО ОФОРМЛЕНИЯ ИЗДАНИЯ
Текст примечания Без тит. л.
517 1# - ДРУГИЕ ВАРИАНТЫ ЗАГЛАВИЯ
Вариант заглавия Протокол ...общего собрания Саратовской ученой архивной комиссии...
517 1# - ДРУГИЕ ВАРИАНТЫ ЗАГЛАВИЯ
Вариант заглавия Труды Общества истории, археологии и этнографии при Саратовском университете (бывшей Ученой Архивной Комиссии)
517 1# - ДРУГИЕ ВАРИАНТЫ ЗАГЛАВИЯ
Вариант заглавия Труды Нижне-Волжского областного научного Об-ва Краеведения "ИстАрхЭт" быв. Сарат. О-ва истории, археологии и этнографии
Язык заглавия русский
532 11 - РАСШИРЕННОЕ ЗАГЛАВИЕ
Заглавие Труды Нижне-Волжского областного научного Общества Краеведения "ИстАрхЭт" бывшего Саратовского Общества истории, археологии и этнографии
Язык заглавия русский
710 02 - НАИМЕНОВАНИЕ ОРГАНИЗАЦИИ - ПЕРВИЧНАЯ ОТВЕТСТВЕННОСТЬ
Начальный элемент ввода Саратовская ученая архивная комиссия
Идентификатор авторитетной/нормативной записи RU\NLR\AUTH\889962988
Системный номер авторитетной/нормативной записи 422279
801 #0 - ИСТОЧНИК ЗАПИСИ
Страна российская федерация
Организация NLR
Правила каталогизации psbo
801 #0 - ИСТОЧНИК ЗАПИСИ
Страна российская федерация
Организация RuMoRGB
Источник данных psbo
801 #1 - ИСТОЧНИК ЗАПИСИ
Страна российская федерация
Организация ProSoft-M
Источник данных rusmarc
801 #2 - ИСТОЧНИК ЗАПИСИ
Страна российская федерация
Организация NLR
Дата составления 20180131
Источник данных rusmarc
852 ## - МЕСТОНАХОЖДЕНИЕ И ШИФР ХРАНЕНИЯ
Идентификатор организации NLR
Шифр хранения (Call Number) 18.197.2.27
852 ## - МЕСТОНАХОЖДЕНИЕ И ШИФР ХРАНЕНИЯ
Идентификатор организации NLR
Шифр хранения (Call Number) +Шифры разные
899 ## - ДАННЫЕ О МЕСТОНАХОЖДЕНИИ (устаревшее)
Местонахождение RuMoRGB (1886-1887*)
Шифр хранения O 52/188
899 ## - ДАННЫЕ О МЕСТОНАХОЖДЕНИИ (устаревшее)
Местонахождение БАН (1887)
899 ## - ДАННЫЕ О МЕСТОНАХОЖДЕНИИ (устаревшее)
Местонахождение НБ СПбГУ (1887*)
899 ## - ДАННЫЕ О МЕСТОНАХОЖДЕНИИ (устаревшее)
Местонахождение ГПИБ (1886-1887*)
942 ## - ДОПОЛНИТЕЛЬНЫЕ ЭЛЕМЕНТЫ ЗАПИСИ (АБИС)
Тип экземпляра АБИС Книга

Нет доступных экземпляров.